LEADER 02137nam a2200457 a 4500 001 000000139625 003 CaOOAMICUS 005 20160420133106.0 008 140908m20142015vc u000 u ita r 020 $a978-88-401-7048-0 020 $a978-88-401-7053-4* (v.2) 032 $aLibriCat 040 $aPUL$bita 082 04$a231.3 100 1 $aGargano, Guido Innocenzo,$cO.S.B.Cam.$0(OLS)http://pul/name/36310 245 10$aLezioni di teologia trinitaria /$cGuido innocenzo Gargano. 260 $aCittą del Vaticano :$bUrbaniana University Press,$c©2014-2015. 300 $a2 v. ;$c24 cm 490 1 $aStrumenti di studio e ricerca ;$v39, 43 490 1 $aManuali. Teologia 504 $aBibliografia in nota. 505 10$a[V.1] Dalla lex orandi alla lex credendi.--v.2. Modi di contemplare il mistero 650 4$aTeologia trinitaria.$0(OLS)http://pul/subject/33274 740 02$aModi di contemplare il mistero. 740 02$aDalla lex orandi alla lex credendi. 830 0$aStrumenti di studio e ricerca ;$v39, 43.$0(OLS)http://pul/title/170985 830 0$aManuali (Urbaniana University Press).$pTeologia.$0(OLS)http://pul/title/144027 850 $aPUL 852 $aPUL$W1$xSL Religione 3$y85$m231. 3 GARGU 1$j161248$qDDC 21$B160717$CPULBib$Z2$F160717 $H124581 $81 852 $aPUL$W1$xSL Religione 3$y85$m231. 3 GARGU 2$j173896$qDDC 21$B176336$CPULBib$Z2$F176336 $H127094 $81 941 1 $a9 960 $aTrinitą$933274 960 $aTrinitą$933274 996 $6020$a978-88-401-7048-0 $9(OLS)http://pul/number/155934 996 $6020$a978-88-401-7053-4* (v.2)$9(OLS)http://pul/number/160307 996 $6082$a231.3$9(OLS)http://pul/classification/2274 996 $6740$aModi di contemplare il mistero$9(OLS)http://pul/title/190625 996 $6740$aDalla lex orandi alla lex credendi$9(OLS)http://pul/title/190624 996 $6245$aLezioni di teologia trinitaria$9(OLS)http://pul/title/176752 996 $6260$aCittą del Vaticano :$bUrbaniana University Press$9(OLS)http://pul/publisher/66922 LEADER 03011naa a2200397 a 4500 001 000000126145 003 CaOOAMICUS 005 20110727100309.0 008 110725s1570 it u001 u lat r 026 $a1818 0505$benn- eses (3)$c1570 (R)$dT. 6 pt. 1 026 $aut14 07ui$bi-am cusu (3)$c1570 (R)$dT. 6 pt. 2 026 $au,o- emm,$bemad tifi (3)$c1570 (R)$dT. 7 pt. 1 026 $aloV. e.m.$ba,na dust (7)$c1570 (R)$dT. 7 pt. 2 040 $aPUL$bita 100 1 $aThomas Aquinas,$cs.,$d c.1225-1274.$0(OLS)http://pul/name/72782 240 10$aIn quattuor libros Sententiarum P. Lombardi$f1570.$0(OLS)http://pul/title/159256 245 10$aD. Thomae Aquinatis doctoris angelici, scriptum complectens in primum [-quartum] sententiarum magistri Petri Lombardi quorum distinctiones, ac quaestiones sequens index ostendit. 246 30$aIn primum [-quartum] sententiarum magistri Petri Lombardi 260 $aRomae :$b(apud Iulium Accoltum),$c1570$aRomae :$b(apud haeredes Antonij Bladi, et Ioannem Osmarinum Liliotum socios) 300 $a2t. ([6], 146, [6], 147, [1] c. ; [6], 152, [8], 269 c.):$britr. ;$cfol. (33 cm). 500 $aImpaginazione a commentario. 500 $aSegnature: [croce latina]6 A-R8 S10 (T. 6 pt. 1) ; [croce latina]6 A-S8 T4 (T. 6 pt. 2) ; [croce latina]6 A-T8 (T. 7 pt. 1) ; [croce latina]8 A-Z8 A-2K8 2L6 (T. 7 pt. 2). 500 $aInclude indici. 500 $aIniziali e fregi xil. 500 $aPresenza di registro in fine a ciascuna parte. 500 $aMarca tipografica in fine al T. 6: Aquila coronata che stringe negli artigli un pavese, sotto, una targa con la scritta A. BLA. IMPRESS. CAM. Intorno una corona di alloro entro un rettangolo con tralci di uva e pampini. (V196). 505 0 $aT.1: D. Thomae Aquinatis doctoris angelici, scriptum complectens in primum et secundum sententiarum magistri Petri Lombardi ... -- t.2: D. Thomae Aquinatis doctoris angelici, scriptum complectens in tertium et quartum sententiarum magistri Petri Lombardi ... 662 $aItalia$dRoma.$0(OLS)http://pul/subject/34878 710 0 $aAccolti, Giulio$4pbl.$0(OLS)http://pul/name/71446 710 0 $aBlado, Antonio eredi et Gigliotti, Giovanni.$0(OLS)http://pul/name/72788 773 1 $aThomas Aquinas, s., c.1225-1274 .$tDivi Thomae Aquinatis ... Opera omnia ..$dRomae : (apud haeredes Antonij Bladi, et Ioannem Osmarinum Liliotum socios), 1569-1571 Romae : (apud Iulium Accoltum) $w()116921 996 $6246$aIn primum [-quartum] sententiarum magistri Petri Lombardi$9(OLS)http://pul/title/159287 996 $6245$aD. Thomae Aquinatis doctoris angelici, scriptum complectens in primum [-quartum] sententiarum magistri Petri Lombardi quorum distinctiones, ac quaestiones sequens index ostendit$9(OLS)http://pul/title/159257 996 $6260$aRomae :$b(apud Iulium Accoltum)$9(OLS)http://pul/publisher/81648 996 $6260$aRomae :$b(apud haeredes Antonij Bladi, et Ioannem Osmarinum Liliotum socios)$9(OLS)http://pul/publisher/80606